Statistics for Name a Valid Australian Prime Minister

Click here to take the quiz!

General Stats

  • This quiz has been taken 38 times
  • The average score is 12 of 18

Answer Stats

Name a PM who...Possible AnswersAnswer% Correct
was replaced by their own partyBilly Hughes / Robert Menzies / John Gorton / Bob Hawke / Kevin Rudd / Julia Gillard / Tony Abbott / Malcolm TurnbullBilly Hughes, Robert Menzies...
100%
served in office for more than a decadeRobert Menzies / John HowardRobert Menzies, John Howard
93%
was not born in AustraliaChris Watson / George Reid / Andrew Fisher / Joseph Cook / Billy Hughes / Julia Gillard / Tony AbbottChris Watson, George Reid...
85%
died in officeJoseph Lyons / John Curtin / Harold HoltJoseph Lyons, John Curtin, Harold Holt
78%
was an atheistJulia GillardJulia Gillard
78%
lost their own seat at a federal electionStanley Bruce / John HowardStanley Bruce, John Howard
78%
was unmarried during their tenureJohn McEwen / Julia GillardJohn McEwen, Julia Gillard
74%
represented a seat outside Victoria or NSWAndrew Fisher / Joseph Lyons / Arthur Fadden / John Curtin / Frank Forde / Kevin RuddAndrew Fisher, Joseph Lyons...
70%
was dismissed by the Governor-GeneralGough WhitlamGough Whitlam
70%
won more than one election in the 21st centuryJohn HowardJohn Howard
70%
served in office over the age of 70Robert MenziesRobert Menzies
67%
left office voluntarilyEdmund Barton / Andrew Fisher / Billy Hughes / Robert MenziesEdmund Barton, Andrew Fisher...
56%
saw combat in World War IIJohn Gorton / Gough WhitlamJohn Gorton, Gough Whitlam
52%
was previously a journalistAlfred Deakin / James Scullin / John Curtin / Tony Abbott / Malcolm TurnbullAlfred Deakin, James Scullin...
44%
served in office for less than a monthFrank Forde / Earle Page / John McEwenFrank Forde, Earle Page...
41%
served as PM under different partiesBilly HughesBilly Hughes
37%
served in office under the age of 40Chris Watson / Stanley BruceChris Watson, Stanley Bruce
33%
later sat in the British ParliamentStanley Bruce / George Reid Stanley Bruce, George Reid
33%

Score Distribution

Percentile by Number Answered

Percent of People with Each Score

Your Score History

You have not taken this quiz